Nyilvános elszámolás
Text verejného vyúčtovania z koncertu Humenského spevokolu spojeného so spoločenskou zábavou v Humennom 6. júla 1914. Čistý zisk 147,98 korún v prospech spevokolu. Menoslov darcov a výška príspevkov.
| Hlavní autori: | , |
|---|---|
| Médium: | Článok |
| Jazyk: | Hungarian |
| Témy: | |
| Zdroj: |
1. Felvidéki Hirlap 1. Roč. 7, č. 26 (12.07.1914) s. 2 a 3 |
| LEADER | 01130nab#a2200349#ar4500 | ||
|---|---|---|---|
| 001 | 000074550 | ||
| 003 | SVKKK | ||
| 005 | 20050120xxxxxxx. | ||
| 008 | 06 c xo huno | ||
| FMT | |||
| 038 | |a SVKKK | ||
| 040 | |a SVKKK |b slo |e AACR2 | ||
| 041 | 0 | |a hun | |
| 044 | |a xo |c SK | ||
| 080 | |a 78.087.6 | ||
| 100 | 1 | |a Cseh, Alex |4 aut | |
| 242 | 1 | 0 | |a Verejné vyúčtovanie |
| 245 | 1 | 0 | |a Nyilvános elszámolás |c Alex Cseh / Július Hossza |
| 500 | |a Elek | ||
| 500 | |a Gyula | ||
| 500 | |a mikrofilm | ||
| 520 | 2 | |a Text verejného vyúčtovania z koncertu Humenského spevokolu spojeného so spoločenskou zábavou v Humennom 6. júla 1914. Čistý zisk 147,98 korún v prospech spevokolu. Menoslov darcov a výška príspevkov. | |
| 650 | 0 | 4 | |a vyúčtovanie finančné - zbory spevácke - Humenský spevokol - koncerty - zábava spoločenská - Humenné - 6.07.1914 - texty |
| 700 | 1 | |a Hossza, Július |4 aut | |
| 773 | 0 | |t Felvidéki Hirlap |g Roč. 7, č. 26 (12.07.1914) s. 2 a 3 | |
| 957 | |a Humenné | ||
| 958 | |a DG | ||
| 958 | |a SK | ||
| 974 | |a Ba |d 20050120 | ||
| 992 | |a RBX | ||
| BAS | |||
| 998 | |a RETRO | ||